Argumentative indicators in discourse: a pragma-dialectical study

Αποθηκεύτηκε σε:
Λεπτομέρειες βιβλιογραφικής εγγραφής
Κύριοι συγγραφείς: Eemeren, Frans H. van (Συγγραφέας), Houtlosser, Peter (Συγγραφέας), Snoeck Henkemans, Francisca (Συγγραφέας)
Μορφή: Βιβλίο
Γλώσσα:Αγγλικά
Έκδοση: Amsterdam Springer 2007
Σειρά:Argumentation Library, 12
Θέματα:
Ετικέτες: Προσθήκη ετικέτας
Δεν υπάρχουν, Καταχωρήστε ετικέτα πρώτοι!

MARC

LEADER 00000nam a2200000 a 4500
001 UCI6256
003 CL-VaPUC
008 080425e20070000NE |||||||||||||||||eng|d
020 |a 9781402062445 
082 0 4 |a 808  |b EEM  |2 21 
100 0 |a Eemeren, Frans H. van  |e author  |9 529002 
700 0 |a Houtlosser, Peter  |e author  |9 529003 
700 0 |a Snoeck Henkemans, Francisca  |e author  |9 529004 
245 1 0 |a Argumentative indicators in discourse: a pragma-dialectical study 
300 |a 234 p 
942 |c BK 
945 |d 20080425 00:00:00  |a jtorresc 
260 |a Amsterdam  |b Springer  |c 2007 
650 7 |a PERSUASION  |2 CL-VaPUC  |9 333321 
650 0 |a Retórica   |9 266620 
650 0 |a Argumentación   |9 257103 
650 0 |a Análisis del discurso  |9 256696 
583 |a last modification  |c 20080425 00:00:00  |k Rodrigo Vera 
490 0 |a Argumentation Library, 12 
999 |c 329784  |d 329782 
952 |0 0  |1 0  |4 0  |6 808_000000000000000_EEM_2007  |7 0  |8 A  |9 414859  |a FDOPOS  |b FDOPOS  |d 2019-11-22  |i 4432894  |o 808 EEM 2007  |p 4432894  |r 2025-01-22  |w 2019-11-22  |y BK  |k MLA